Sociological theories in progress : new formulations (Record no. 151887)
[ view plain ]
| 000 -LEADER | |
|---|---|
| fixed length control field | 00390nam a2200145Ia 4500 |
| 008 - FIXED-LENGTH DATA ELEMENTS--GENERAL INFORMATION | |
| fixed length control field | 161229s9999 xx 000 0 und d |
| 082 ## - DEWEY DECIMAL CLASSIFICATION NUMBER | |
| Classification number | 301 BER/SO |
| 100 ## - MAIN ENTRY--PERSONAL NAME | |
| Personal name | Berger, Joseph |
| 245 ## - TITLE STATEMENT | |
| Title | Sociological theories in progress : new formulations |
| 260 ## - PUBLICATION, DISTRIBUTION, ETC. (IMPRINT) | |
| Name of publisher, distributor, etc. | SAGE publications |
| Place of publication, distribution, etc. | New Delhi |
| Date of publication, distribution, etc. | 1989 |
| 300 ## - PHYSICAL DESCRIPTION | |
| Extent | 416 |
| 700 ## - ADDED ENTRY--PERSONAL NAME | |
| Personal name | Anderson, Bo |
| 700 ## - ADDED ENTRY--PERSONAL NAME | |
| Personal name | Zelditch, Morris |
| 942 ## - ADDED ENTRY ELEMENTS (KOHA) | |
| Koha item type | Books (General) |
| Withdrawn status | Lost status | Damaged status | Not for loan | Home library | Current library | Date acquired | Total Checkouts | Full call number | Barcode | Date last seen | Price effective from | Koha item type | Public note |
|---|---|---|---|---|---|---|---|---|---|---|---|---|---|
| KAU Central Library, Thrissur | KAU Central Library, Thrissur | 29/12/2016 | 301 BER/SO | 903196 | 29/12/2016 | 29/12/2016 | Books (General) | Book transferred from CCBM Library ,Acc.No:1358 |
